Reglamento provisional de las oficinas / Diputación Provincial de Gerona.
Descripción Física:
19 p. ; 17 cm
MARC
| LEADER | 00000nam a2200000Ia 4500 | ||
|---|---|---|---|
| 001 | 15882 | ||
| 008 | 160829s1930 xx 000 0 cat d | ||
| 080 | |a RF-12-39 | ||
| 100 | |a Girona. Diputació | ||
| 245 | |a Reglamento provisional de las oficinas / Diputación Provincial de Gerona. | ||
| 260 | |a Gerona : |b (Imp. Casa de Misericordia), |c 1930 | ||
| 300 | |a 19 p. ; |c 17 cm | ||
| 590 | |a Prové de Q-894, exp. 16. | ||
| 610 | 1 | 0 | |a Girona (Catalunya : Província). |b Diputació |x Reglaments i procediment |9 54209 |
| 650 | |a Oficines |x Direcció i administració |9 42537 | ||
| 856 | 4 | |u https://media.diba.cat/diba/fitxers/arxiu/fulletons/bib_15882_1930_baixa.pdf |y Accés lliure | |
| 856 | 4 | |u https://media.diba.cat/diba/fitxers/arxiu/fulletons/bib_15882_1930_baixa.pdf |y Accés lliure | |
| 901 | |a Arxiu | ||
| 942 | |n 1 |2 udc | ||
| 952 | |0 0 |1 0 |4 0 |6 RF1239 |7 1 |9 53523 |a Arxiu |b Arxiu |d 2016-12-01 |l 0 |o RF-12-39 |p 15882 |r 2016-12-01 00:00:00 |w 2016-12-01 |y ARXIU | ||
| 999 | |c 57389 |d 57389 | ||
| 900 | |a bib_15882_1930_baixa.pdf | ||